000 00311nam a22001217a 4500
008 250514b |||||||| |||| 00| 0 eng d
020 _a0536750351
050 _aHD58.7
_b.K39
100 _aKayes Christopher D.
245 _aOrganizational Behavior
260 _aUSA
_bPearson Custom publishing
_c2006
942 _cBK
999 _c3496
_d3496